Les films se déroulant dans un bus - Statistiques

Statistiques générales
  • Ce quiz a été pris 28 fois
  • Le résultat moyen est 2 sur 20
Statistiques - réponses
Année Film % Correct
1994 S {Speed}
81%
2007 Into {the wild}
35%
1994 Priscilla, {folle du désert}
35%
1976 Le {bus en} folie
23%
1953 L'autobus {en folie}
12%
1976 Le bus {en folie}
12%
1964 Allez {France}!
8%
1941 Hideko, {receveuse d'autobus}
4%
1956 {Arrêt d'} autobus
0%
2001 Bus {44}
0%
2015 Bus {657}
0%
2000 E {Eureka}
0%
1996 {Get on} the bus
0%
1943 La bonne {étoile}
0%
1969 L'{Auvergnat et} l'autobus
0%
1975 Le B {Bougnoul}
0%
1997 Le labyrinthe {des rêves}
0%
2010 Les femmes {du bus 678}
0%
1957 Les {neufragés de l'} autobus
0%
1998 {Suicide} bus
0%
Aucun quiz correspondant
Distribution des résultats
% des personnes avec chaque résultat
Percentile par nombre de réponses
Votre historique - résultats
Vous n’avez pas pris ce quiz